La fotografía en el campo de las Bellas Artes (Record no. 108465)

MARC details
000 -LEADER
campo de control de longitud fija 00926nam a2200217 4500
001 - NÚMERO DE CONTROL
campo de control 108465
003 - IDENTIFICADOR DE NÚMERO DE CONTROL
campo de control ES-MaACL
005 - FECHA Y HORA DE LA ÚLTIMA TRANSACCIÓN
campo de control 20250728030931.0
007 - CAMPO FIJO DE DESCRIPCIÓN FÍSICA--INFORMACIÓN GENERAL
campo de control de longitud fija t|
008 - DATOS DE LONGITUD FIJA--INFORMACIÓN GENERAL
campo de control de longitud fija 061121s1958 sp r ||||1| spa d
100 1# - ENTRADA PRINCIPAL--NOMBRE DE PERSONA
Nombre de persona Montero Pérez, Nemesio.
9 (RLIN) 82536
245 13 - MENCIÓN DEL TÍTULO
Título La fotografía en el campo de las Bellas Artes
Resto del título : Discurso de ingreso /
Mención de responsabilidad, etc. por el Dr. D. Nemesio Montero Pérez...6 de marzo de 1958 y contestación del...Dr. D. José Cilleruelo Zamora.
260 ## - PUBLICACIÓN, DISTRIBUCIÓN, ETC.
Lugar de publicación, distribución, etc. Valladolid :
Nombre del editor, distribuidor, etc. [s.n.,
Fecha de publicación, distribución, etc. 1958] (
Fabricante Sever-Cuesta, imp.)
300 ## - DESCRIPCIÓN FÍSICA
Extensión 41 p. ;
Dimensiones 24 cm.
500 ## - NOTA GENERAL
Nota general Precede al tít.: Real Academia de Bellas Artes de la Purísima Concepción de Valladolid.
650 17 - PUNTO DE ACCESO ADICIONAL DE MATERIA--TÉRMINO DE MATERIA
Término de materia o nombre geográfico como elemento de entrada Fotografía
Fuente del encabezamiento o término embne
9 (RLIN) 12943
700 1# - ENTRADA AGREGADA--NOMBRE PERSONAL
Nombre de persona Cilleruelo Zamora, José.
9 (RLIN) 38830
710 2# - ENTRADA AGREGADA--NOMBRE DE ENTIDAD CORPORATIVA
Nombre de entidad corporativa o nombre de jurisdicción como elemento de entrada Real Academia de Bellas Artes de la Purísima Concepción de Valladolid.
9 (RLIN) 6289
852 ## - LOCALIZACIÓN
Ubicación ES-MaACL
Número de control de estantería 2009-F-2
Sublocalización o colección R.42615
Holdings
Estatus retirado Estado de pérdida Estado de daño No para préstamo Colección Biblioteca de origen Biblioteca actual Ubicación en estantería Fecha de adquisición Fuente de adquisición Total de préstamos Signatura topográfica completa Código de barras Visto por última vez Precio de reemplazo Tipo de ítem Koha
        Colección de folletos Biblioteca del Ateneo de Madrid Biblioteca del Ateneo de Madrid Depósito folletos 17/01/2008     2009-F-2 1113180 23/02/2023 23/02/2023 Folleto